[Event "Galapagar op 06th"]
[Site "Galapagar"]
[Date "2005.07.24"]
[Round "2.23"]
[White "Martinez Alvarez, Carlos"]
[Black "Cabanas Bravo, Juan Andres"]
[Result "0-1"]
[WhiteElo "1960"]
[BlackElo "2140"]
[PlyCount "28"]
[EventDate "2005.07.23"]
[EventType "swiss"]
[EventRounds "9"]
[EventCountry "ESP"]
[SourceTitle "EXT 2006"]
[Source "ChessBase"]
[SourceDate "2005.11.24"]
[SourceVersion "1"]
[SourceVersionDate "2005.11.24"]
[SourceQuality "1"]

1. e4 e5 2. Nf3 Nc6 3. Bc4 Bc5 4. d3 Nf6 5. 0-0 d6 6. c3 Bg4 7. Nbd2 0-0 8. b4 Bb6 9. a4 a6 10. b5 Ne7 11. Re1 Ng6 12. Nf1 Qd7 13. Ne3 Nf4 14. Nxe5 dxe5 0-1

[Event "Madrid-ch Previa-A"]
[Site "Madrid"]
[Date "2002.11.04"]
[Round "7.2"]
[White "Martinez Alvarez, Carlos"]
[Black "Rodriguez Bachiller, Luis"]
[Result "1/2-1/2"]
[WhiteElo "1839"]
[BlackElo "1978"]
[PlyCount "90"]
[EventDate "2002.10.29"]
[EventType "swiss"]
[EventRounds "9"]
[EventCountry "ESP"]
[SourceTitle "EXT 2004"]
[Source "ChessBase"]
[SourceDate "2003.11.25"]
[SourceVersion "1"]
[SourceVersionDate "2003.11.25"]
[SourceQuality "1"]

1. e4 c5 2. Nf3 Nc6 3. d4 cxd4 4. Nxd4 g6 5. Nc3 Bg7 6. Be3 Nf6 7. f3 0-0 8. Qd2 d6 9. 0-0-0 Bd7 10. h4 Qa5 11. Nb3 Qc7 12. g4 Ne5 13. Be2 Nc4 14. Bxc4 Qxc4 15. h5 Rfc8 16. hxg6 fxg6 17. Bg5 Qf7 18. Rh2 Rc7 19. Rdh1 Rac8 20. Bxf6 Bxf6 21. Rxh7 Qxh7 22. Rxh7 Kxh7 23. g5 Bxc3 24. bxc3 Rxc3 25. Qh2+ Kg8 26. Qh6 Rxc2+ 27. Kd1 Be8 28. Nd4 Rc1+ 29. Kd2 Bf7 30. f4 R1c4 31. Ne6 Rc2+ 32. Kd3 R2c3+ 33. Kd4 R8c4+ 34. Kd5 Bxe6+ 35. Kxe6 Rxe4+ 36. Kd7 Rec4 37. Qxg6+ Kf8 38. Qh6+ Kg8 39. g6 Rc7+ 40. Ke6 Re3+ 41. Kf5 e5 42. Qh4 Rec3 43. Qd8+ Kg7 44. Qf6+ Kg8 45. Qd8+ Kg7 1/2-1/2

[Event "Madrid-ch Previa-A"]
[Site "Madrid"]
[Date "2002.10.29"]
[Round "5.3"]
[White "Martinez Alvarez, Carlos"]
[Black "Noriega de la Sierra, Antonio"]
[Result "1-0"]
[WhiteElo "1839"]
[BlackElo "1846"]
[PlyCount "35"]
[EventDate "2002.10.29"]
[EventType "swiss"]
[EventRounds "9"]
[EventCountry "ESP"]
[SourceTitle "EXT 2004"]
[Source "ChessBase"]
[SourceDate "2003.11.25"]
[SourceVersion "1"]
[SourceVersionDate "2003.11.25"]
[SourceQuality "1"]

1. e4 c5 2. Nf3 Nc6 3. d4 cxd4 4. Nxd4 g6 5. Nc3 Bg7 6. Be3 d6 7. Qd2 Nf6 8. f3 0-0 9. 0-0-0 a6 10. Bh6 Nxd4 11. Bxg7 Nxf3 12. gxf3 Kxg7 13. e5 Ne8 14. Ne4 Bf5 15. Ng3 Be6 16. h4 Nc7 17. Rg1 dxe5 18. Nh5+ 1-0

[Event "Madrid-ch Previa-A"]
[Site "Madrid"]
[Date "2002.10.28"]
[Round "4.2"]
[White "Martin Consuegra, Barrilero Javier"]
[Black "Martinez Alvarez, Carlos"]
[Result "1/2-1/2"]
[WhiteElo "1923"]
[BlackElo "1839"]
[PlyCount "136"]
[EventDate "2002.10.29"]
[EventType "swiss"]
[EventRounds "9"]
[EventCountry "ESP"]
[SourceTitle "EXT 2004"]
[Source "ChessBase"]
[SourceDate "2003.11.25"]
[SourceVersion "1"]
[SourceVersionDate "2003.11.25"]
[SourceQuality "1"]

1. d4 Nf6 2. Bg5 Ne4 3. Bf4 d6 4. f3 Nf6 5. e4 Nbd7 6. Nh3 e5 7. Be3 Be7 8. c3 0-0 9. Nf2 Ne8 10. Bc4 Kh8 11. Nd2 Nb6 12. dxe5 dxe5 13. Bb3 Bd7 14. Qe2 Na4 15. Bxa4 Bxa4 16. b3 Bc6 17. Rd1 Qc8 18. Nc4 Qe6 19. Na5 a6 20. 0-0 Bb5 21. c4 Bc6 22. Nd3 f6 23. Nc5 Bxc5 24. Bxc5 Rg8 25. Nxc6 Qxc6 26. Rd5 b6 27. Ba3 Qe6 28. Rfd1 g5 29. Rd7 Rg7 30. Qd3 Rxd7 31. Qxd7 Qxd7 32. Rxd7 Kg8 33. Kf2 Rb8 34. g3 a5 35. f4 exf4 36. gxf4 gxf4 37. Kf3 b5 38. c5 b4 39. Bc1 Rb5 40. Rd5 c6 41. Rd7 Rxc5 42. Bxf4 Rc2 43. Rd2 Rxd2 44. Bxd2 Nd6 45. Bf4 Nb7 46. Bc7 Kf7 47. Ke3 Ke6 48. Kd4 Kd7 49. Bf4 Ke6 50. Bc7 c5+ 51. Kd3 Kd7 52. Bf4 Kc6 53. Bh6 Nd6 54. h4 Nf7 55. Bf4 Ne5+ 56. Bxe5 fxe5 57. h5 h6 58. Kc4 Kb6 59. Kd5 Kb5 60. Kxe5 c4 61. bxc4+ Kxc4 62. Kf6 a4 63. e5 b3 64. axb3+ axb3 65. e6 b2 66. e7 b1Q 67. e8Q Qf1+ 68. Kg6 Qf4 1/2-1/2

[Event "Madrid-ch Previa-A"]
[Site "Madrid"]
[Date "2002.10.21"]
[Round "1.8"]
[White "Gonzalo Gonzalez, Francisco"]
[Black "Martinez Alvarez, Carlos"]
[Result "0-1"]
[WhiteElo "1961"]
[BlackElo "1839"]
[PlyCount "144"]
[EventDate "2002.10.29"]
[EventType "swiss"]
[EventRounds "9"]
[EventCountry "ESP"]
[SourceTitle "EXT 2004"]
[Source "ChessBase"]
[SourceDate "2003.11.25"]
[SourceVersion "1"]
[SourceVersionDate "2003.11.25"]
[SourceQuality "1"]

1. e4 e5 2. Nf3 Nf6 3. Bc4 d6 4. d3 Be7 5. Nc3 Nc6 6. a3 h6 7. h3 Be6 8. Bxe6 fxe6 9. Nh4 Kf7 10. g4 Nxe4 11. Qf3+ Nf6 12. Be3 d5 13. g5 hxg5 14. Bxg5 Nd4 15. Qd1 Nh5 16. Bxe7 Qxe7 17. Nf3 Nxf3+ 18. Qxf3+ Qf6 19. Qg4 Nf4 20. 0-0-0 Rh4 21. Qf3 Rah8 22. Rde1 Rxh3 23. Rxh3 Rxh3 24. Qg4 Rh6 25. Kb1 Rg6 26. Qf3 c6 27. Rh1 Rh6 28. Rf1 Qh4 29. Re1 Qh5 30. Qd1 Qxd1+ 31. Nxd1 Kf6 32. Ne3 Rg6 33. f3 Ng2 34. Nxg2 Rxg2 35. Rf1 Rh2 36. f4 e4 37. dxe4 dxe4 38. Kc1 Kf5 39. b4 Rh3 40. a4 Rf3 41. Rg1 e3 42. Kd1 Rxf4 43. Rxg7 Rxb4 44. a5 a6 45. Ke2 Ke5 46. Kxe3 Kd5 47. Rd7+ Ke5 48. Kd3 Kf6 49. c3 Rb5 50. c4 Rxa5 51. Rxb7 Ke5 52. Rb3 Kd6 53. Kd4 Rh5 54. Rb8 e5+ 55. Kd3 Kc5 56. Ra8 Rh3+ 57. Ke4 Ra3 58. Kxe5 Kxc4 59. Kd6 c5 60. Rc8 Rd3+ 61. Kc6 a5 62. Kb6 Kb4 63. Rb8 a4 64. Kc6+ Kc4 65. Ra8 a3 66. Ra5 Kb3 67. Rb5+ Kc2 68. Kxc5 a2 69. Ra5 Kb2 70. Kc4 Ra3 71. Rg5 Rc3+ 72. Kd4 a1Q 0-1